UNDERSTANDING MEDIA : THE EXTENSIONS OF MAN /
保存先:
| 第一著者: | |
|---|---|
| フォーマット: | 図書 |
| シリーズ: | ABACUS
|
| 主題: | |
| タグ: |
タグなし, このレコードへの初めてのタグを付けませんか!
|
MARC
| LEADER | 00000nam^a2200000^a^4500 | ||
|---|---|---|---|
| 001 | 000232627 | ||
| 005 | 20250521000000.0 | ||
| 009 | 20260310104612.202 | ||
| 020 | |a 0-349-12296-2 | ||
| 035 | |a 052720 | ||
| 037 | |a Acervo Xavier Clavigero | ||
| 082 | |a 302. 23 |b MAC | ||
| 100 | |a McLuhan, Marshall |e (autor) | ||
| 245 | 1 | 0 | |a UNDERSTANDING MEDIA : |b THE EXTENSIONS OF MAN / |c MARSHALL MACLUHAN |
| 264 | |a LONDON : |b SPHERE BOOKS, |c 1973 | ||
| 300 | |a 382 p. | ||
| 336 | |a texto |b txt |2 rdacontenido | ||
| 337 | |a sin mediación |b n |2 rdamedio | ||
| 338 | |a volumen |b nc |2 rdasoporte | ||
| 440 | |a ABACUS | ||
| 649 | |a XX | ||
| 650 | |a Medios de Comunicación | ||
| 910 | |a Fondo General | ||
| 920 | |a Impresos - Libros | ||
| 930 | |a Colección General | ||
| 905 | |a 101 | ||
| 901 | |a 052720 |b IT1 |c ACC |i 052720 |u 20250521 | ||
| 902 | |a https://opac.biblio.iteso.mx/vufind/Record/000232627 | ||